<?xml version="1.0" encoding="UTF-8"?>
<collection xmlns="http://www.loc.gov/MARC21/slim">
 <record>
  <leader>01133pam a22002778a 4500</leader>
  <controlfield tag="001">00045757</controlfield>
  <controlfield tag="005">20200903090918.0</controlfield>
  <controlfield tag="008">110812s2002                  ||||||viesd</controlfield>
  <datafield tag="020" ind1="#" ind2="#">
   <subfield code="c">7000</subfield>
   <subfield code="a">9786040197665</subfield>
  </datafield>
  <datafield tag="041" ind1="0" ind2="#">
   <subfield code="a">vie</subfield>
  </datafield>
  <datafield tag="082" ind1="1" ind2="4">
   <subfield code="a">372.63</subfield>
   <subfield code="b">T123V</subfield>
  </datafield>
  <datafield tag="245" ind1="0" ind2="0">
   <subfield code="a">Tập viết 1</subfield>
   <subfield code="c">Bùi Mạnh Hùng (tổng chủ biên); Nguyễn Thị Ly Kha (chủ biên); Nguyễn Thành Ngọc Bảo,.. [và những người khác]</subfield>
   <subfield code="n">T.2</subfield>
  </datafield>
  <datafield tag="260" ind1="#" ind2="#">
   <subfield code="c">2020</subfield>
   <subfield code="a">Hà Nội</subfield>
   <subfield code="b">Giáo dục</subfield>
  </datafield>
  <datafield tag="300" ind1="#" ind2="#">
   <subfield code="a">31 tr.</subfield>
   <subfield code="b">minh hoạ màu</subfield>
   <subfield code="c">24 cm</subfield>
  </datafield>
  <datafield tag="490" ind1="#" ind2="#">
   <subfield code="a">Chân trời sáng tạo</subfield>
  </datafield>
  <datafield tag="653" ind1="#" ind2="#">
   <subfield code="a">Lớp 1</subfield>
  </datafield>
  <datafield tag="653" ind1="#" ind2="#">
   <subfield code="a">Tiếng Việt</subfield>
  </datafield>
  <datafield tag="653" ind1="#" ind2="#">
   <subfield code="a">Tập viết</subfield>
  </datafield>
  <datafield tag="700" ind1="1" ind2="#">
   <subfield code="a">Bùi, Mạnh Hùng</subfield>
   <subfield code="e">Tổng chủ biên</subfield>
  </datafield>
  <datafield tag="700" ind1="1" ind2="#">
   <subfield code="a">Nguyễn, Lương Hải Như</subfield>
  </datafield>
  <datafield tag="700" ind1="1" ind2="#">
   <subfield code="a">Nguyễn, Thành Ngọc Bảo</subfield>
  </datafield>
  <datafield tag="700" ind1="1" ind2="#">
   <subfield code="a">Nguyễn, Thị Ly Kha</subfield>
   <subfield code="e">Chủ biên</subfield>
  </datafield>
  <datafield tag="700" ind1="1" ind2="#">
   <subfield code="a">Nguyễn, Thị Xuân Yến</subfield>
  </datafield>
  <datafield tag="700" ind1="1" ind2="#">
   <subfield code="a">Phạm, Vĩnh Lộc</subfield>
  </datafield>
  <datafield tag="852" ind1="#" ind2="#">
   <subfield code="j">KD.0027423</subfield>
   <subfield code="j">KGT.0060172</subfield>
   <subfield code="j">KGT.0060173</subfield>
   <subfield code="j">KGT.0060174</subfield>
   <subfield code="j">KGT.0060171</subfield>
  </datafield>
  <datafield tag="980" ind1="#" ind2="#">
   <subfield code="a">Trung tâm Học liệu Lê Vũ Hùng, Trường Đại học Đồng Tháp</subfield>
  </datafield>
 </record>
</collection>
<br />
<b>Notice</b>:  fwrite(): write of 437 bytes failed with errno=28 No space left on device in <b>C:\vufind\module\VuFind\src\VuFind\Session\File.php</b> on line <b>152</b><br />
Cannot write session to C:\Windows\TEMP\vufind_sessions/sess_9fmsafqs2phc8u3d42c2muhaal
<br />
<b>Warning</b>:  session_write_close(): Failed to write session data using user defined save handler. (session.save_path: \xampp\tmp) in <b>C:\vufind\vendor\laminas\laminas-session\src\SessionManager.php</b> on line <b>235</b><br />
